Quizzes
Events
Quiz Creation
Community
Videos
Private Events
Remove Ads
Sign In
Join for FREE
Feedback
Dark Mode
Quiz Categories
Sports
Geography
Music
Movies
Television
Just For Fun
Miscellaneous
History
Literature
Language
Science
Gaming
Entertainment
Religion
Holiday
For Kids
Quiz Lab
Recent
Popular Today
Quiz Kudos Today
Editor Picks
Curator Picks
Quizzes by...
Day
Popularity
Type
Ratings
Length
Year
Community
Subscriptions
Recent Discussions
Orange Saloon
Badges
Playlists
Quests
Create
Leaderboards
Showdown
Live 5
Trivia Bingo
Activity
Puzzle Library
Sporcle Events
Private Events
Virtual Trivia
Globe League
Become a Host
Pub Owners
SporcleCon
Opinionation
Our Games
Videos
Blog
Mobile Apps
Partnerships
Remove Ads and Go Orange
Feedback
Television
TV Characters
TV Show
Sitcom
Network
Friends
Reality Shows
Cast
South Park
Star Trek
The Simpsons
Doctor Who
Television
TV Characters
TV Show
Sitcom
Network
Friends
Reality Shows
Cast
South Park
Star Trek
The Simpsons
Doctor Who
Random Quiz
Search Sporcle
×
Quiz Lab
Quiz Lab
Television
Show
Type in answers that appear in a list
Type in answers that appear in a list
Classic
Best Score? Go Orange.
Emmy Nominees Comedy Writing 1980-2022 Stats
Can you name the Emmy Nominees Best Comedy Writing 1980-2022?
By
Danimal23
16m
230 Questions
662 Plays
662 Plays
662 Plays
Comments
Comments
Give Quiz Kudos
Give Quiz Kudos
-
- Ratings
hide this ad
More Info
Replay
Link that replays current quiz
Next Quiz
Link to next quiz in quiz playlist
You Got
0%
They Got
Avg Score
66%
Avg Friend Score
Upgrade to see
Score Distribution
Jump to the score distribution portion of the page
Score
0/230
Timer
16:00
0
Plays Today
Year
Show
% Correct
2021
Ted Lasso
99%
2021
Ted Lasso
99%
1991
Seinfeld
98.3%
1991
Seinfeld
98.3%
1992*
Seinfeld
98.3%
1992
Seinfeld
98.3%
1992
Seinfeld
98.3%
1993*
Seinfeld
98.3%
1993
Seinfeld
98.3%
1994
Seinfeld
98.3%
1994
Seinfeld
98.3%
1996
Seinfeld
98.3%
1997
Seinfeld
98.3%
2013
30 Rock
98.3%
2013*
30 Rock
98.3%
2022
Ted Lasso
98.1%
2007
30 Rock
97.6%
2007
30 Rock
97.6%
2008*
30 Rock
97.6%
2008
30 Rock
97.6%
2009
30 Rock
97.6%
2009
30 Rock
97.6%
2009
30 Rock
97.6%
2009*
30 Rock
97.6%
2010
30 Rock
97.6%
2010
30 Rock
97.6%
2011
30 Rock
97.6%
2013
The Office
97.5%
1995
Friends
97.3%
1999
Friends
97.3%
2006
The Office
96.5%
2007*
The Office
96.5%
2007
The Office
96.5%
2008
The Office
96.5%
2010
The Office
96.5%
2011
The Office
96.5%
1994*
Frasier
96.4%
1994
Frasier
96.4%
1995*
Frasier
96.4%
1995
Frasier
96.4%
1996*
Frasier
96.4%
1998
Frasier
96.4%
1999*
Frasier
96.4%
2000
Frasier
96.4%
2004
Frasier
96.4%
2022*
Abbott Elementary
96.2%
2022
Barry
96.2%
2022
Barry
96.2%
2000
Everybody Loves Raymond
96.2%
2002
Everybody Loves Raymond
96.2%
2002
Everybody Loves Raymond
96.2%
2003
Everybody Loves Raymond
96.2%
2003
Everybody Loves Raymond
96.2%
2005
Everybody Loves Raymond
96.2%
1983
Cheers
96.1%
1983
Cheers
96.1%
1983*
Cheers
96.1%
1984
Cheers
96.1%
1984*
Cheers
96.1%
1984
Cheers
96.1%
1985
Cheers
96.1%
1985
Cheers
96.1%
1985
Cheers
96.1%
1986
Cheers
96.1%
1987
Cheers
96.1%
1988
Cheers
96.1%
1990
Cheers
96.1%
2014*
Louie
95.1%
2013
Louie
95.1%
2015
Louie
94.9%
2016
Veep
94.8%
2016
Veep
94.8%
2015*
Veep
94.4%
2017
Veep
94.3%
2017
Veep
94.3%
2019
Veep
93.9%
2004*
Arrested Development
93.5%
Year
Show
% Correct
2005*
Arrested Development
93.5%
2005
Arrested Development
93.5%
2005
Arrested Development
93.5%
2006
Arrested Development
93.5%
2014
Veep
92.4%
2017
Atlanta
92.3%
2017
Atlanta
92.3%
2018
Atlanta
92.3%
2018
Atlanta
92.3%
2010*
Modern Family
91.8%
2011*
Modern Family
91.8%
2012
Parks and Recreation
91.7%
2012
Parks and Recreation
91.7%
2019*
Fleabag
91.1%
2017*
Master of None
90.7%
2011
Louie
90.2%
2012*
Louie
90.2%
2019
Barry
89.9%
2016*
Master of None
89.8%
2000
Sex and the City
88.8%
2000
Sex and the City
88.8%
2001
Sex and the City
88.8%
2002
Sex and the City
88.8%
2003
Sex and the City
88.8%
2004
Sex and the City
88.8%
2004
Sex and the City
88.8%
2022
Only Murders in the Building
88.7%
2020*
Schitt's Creek
88.7%
2020
Schitt's Creek
88.7%
2018
Barry
88%
2018
Barry
88%
1993
The Larry Sanders Show
87.3%
1993
The Larry Sanders Show
87.3%
1994
The Larry Sanders Show
87.3%
1995
The Larry Sanders Show
87.3%
1995
The Larry Sanders Show
87.3%
1996
The Larry Sanders Show
87.3%
1996
The Larry Sanders Show
87.3%
1996
The Larry Sanders Show
87.3%
1997
The Larry Sanders Show
87.3%
1997
The Larry Sanders Show
87.3%
1997
The Larry Sanders Show
87.3%
1998*
The Larry Sanders Show
87.3%
1998
The Larry Sanders Show
87.3%
2020
The Good Place
86.6%
2012
Girls
86.3%
1997*
Ellen
86%
1998
Ellen
86%
2018*
The Marvelous Mrs. Maisel
85.5%
2021*
Hacks
84.5%
2006
Extras
84.4%
2007
Extras
84.4%
1985
The Cosby Show
81.7%
1985*
The Cosby Show
81.7%
1986
The Cosby Show
81.7%
1986
The Cosby Show
81.7%
1980
M*A*S*H
81.3%
1981
M*A*S*H
81.3%
1982
M*A*S*H
81.3%
2017
Silicon Valley
80%
2019
Russian Doll
79.9%
2019
Russian Doll
79.9%
2018
Silicon Valley
79.5%
2022
Hacks
79.2%
2016
Silicon Valley
79%
2016
Silicon Valley
79%
2010
Glee
79%
1980
Taxi
78.9%
1981
Taxi
78.9%
1981
Taxi
78.9%
1981*
Taxi
78.9%
1982*
Taxi
78.9%
1982
Taxi
78.9%
1983
Taxi
78.9%
2019
The Good Place
78.2%
2015
Silicon Valley
77.4%
2015
Transparent
77.4%
Year
Show
% Correct
2020
The Great
77.3%
2014
Orange Is the New Black
77.3%
1987
Newhart
76.4%
1990
Newhart
76.4%
2005
Desperate Housewives
76.1%
1986*
Golden Girls
76%
1986
Golden Girls
76%
1987
Golden Girls
76%
2014
Episodes
75.8%
2015
The Last Man on Earth
75.5%
1989*
Murphy Brown
75.4%
1990
Murphy Brown
75.4%
1991*
Murphy Brown
75.4%
1991
Murphy Brown
75.4%
1992
Murphy Brown
75.4%
2015
Episodes
75.3%
2013
Episodes
75.2%
2021
PEN15
74.2%
1998
Ally McBeal
73.9%
1999
Ally McBeal
73.9%
2022
What We Do in the Shadows
73.6%
2022
What We Do in the Shadows
73.6%
2001
Will and Grace
72.5%
2014
Silicon Valley
72.4%
1986
Family Ties
72.4%
1987*
Family Ties
72.4%
2012
Community
71.1%
2008
Flight of the Conchords
70.7%
2009
Flight of the Conchords
70.7%
1992
Roseanne
69.8%
2000*
Malcolm in the Middle
69.8%
2001*
Malcolm in the Middle
69.8%
2020
What We Do In the Shadows
69.1%
2020
What We Do In the Shadows
69.1%
2020
What We Do In the Shadows
69.1%
2000
Freaks and Geeks
68.4%
2001
Freaks and Geeks
68.4%
2011
Episodes
67.4%
2006*
My Name is Earl
64.2%
2019
PEN15
63.7%
2004
Scrubs
63.4%
1988
The Wonder Years
62.4%
1989
The Wonder Years
62.4%
1989
The Wonder Years
62.4%
1989
The Wonder Years
62.4%
1989
The Wonder Years
62.4%
1990*
The Wonder Years
62.4%
2008
Pushing Daisies
61.6%
2016
Catastrophe
61.4%
1999
Sports Night
61.3%
1988
Designing Women
55.3%
2002*
The Bernie Mac Show
54.2%
2003
The Bernie Mac Show
54.2%
2006
Entourage
52.7%
2021
Girls5eva
51.5%
2021
The Flight Attendant
50.5%
1988
It's Garry Shandling's Show
49.1%
1988
It's Garry Shandling's Show
49.1%
1980*
Barney Miller
46.8%
1982
Barney Miller
46.8%
1983
Buffalo Bill
42.9%
1984
Buffalo Bill
42.9%
1984
Buffalo Bill
42.9%
1982
Police Squad!
41.8%
1999
Just Shoot Me!
40.6%
1988*
Frank's Place
35.5%
2001
Ed
32.9%
1993
Dream On
32.8%
1987
The Days and Nights of Molly Dodd
28.9%
1991
The Days and Nights of Molly Dodd
28.9%
2002
Andy Richter Controls the Universe
27.6%
2003
Lucky
26.7%
1980
The Associates
26.4%
1980
The Associates
26.4%
1990
The Famous Teddy Z
21.8%
1981
The Greatest American Hero
21.1%
Quiz Playlist
Details
Report
Send in Message
Add To Playlist
More Info:
*Indicates Winner
Classic:
Type in answers that appear in a list
Quiz Source
Last Updated: Sep 22, 2022
Quiz Scoreboard
CHALLENGE
Sign Up to Join the Scoreboard
Show All
Scores
Hide
Comments
May contain spoilers
Recently Published
Decade Duel: World Leaders
by jenniferyan
History
4m
Alphabetical 'K' Countries by Flag Minefield
by ylime102
Geography
3m
Pick 6: Fruits
by JohnFran
Miscellaneous
15s
More to Explore
Quiz From the Vault
Featured Blog Post
15 Basketball Trivia Facts You Can Be March Mad About
hide this ad
You Might Also Like...
Tags
Nominee Quiz
Show Quiz
Comedy
Emmy
episode
Writing
Today's Top Quizzes in Television
Browse Television
hide this ad
Today's Top Quizzes in Show
Browse Show
Top Contributed Quizzes in Television
1
Hidden Simpsons Character
2
First Name TV: Leading Men
3
Hidden Simpsons Character XXIV
4
First Name TV: Leading Women Drama
5
Hidden Simpsons Character II
6
Hidden Simpsons Character III
7
Pick A Pair: Religious TV
8
Hidden Simpsons Character XXV
9
Hidden Simpsons Character XXVI
10
The Vampire Diaries Logic Puzzle
Explore More
Trending Topics
Kpop
Anime
NBA
Disney
Crossword
Marvel
Harry Potter
Puzzle
Pokémon
The Office
WWE
Soccer
Country
Song
NFL
hide this ad
More By:
Danimal23
Quiz
Plays
Rating
Category
Featured
Created
Losing US Vice Presidents
34,898
4.53
History
Sep 23, 2009
John Candy Movies
20,291
4.49
Movies
Oct 12, 2009
US Senate Majority Leaders
8,998
4.52
History
Oct 3, 2009
100 Worst Songs Ever
2,417
2.82
Music
Sep 16, 2010
Quarterbacks of 1980's
1,228
4.59
Sports
Jan 31, 2011
Go to Creator's Profile
Score Distribution
Quiz Creator Spotlight
Danimal23
Follow
Send a Message
Quizzes Created
-
Created Quiz Play Count
-
More By This Creator
Popular Quizzes Today
1
Countries of Asia Without Outlines Minefield
2
Find the US States - No Outlines Minefield
3
Pick 6: Fruits
4
Alphabetical 'K' Countries by Flag Minefield
5
The Countries of the World
6
Find the Countries of Europe - No Outlines Minefield
7
Find the US States
8
US States
More Television Quizzes
Find the Bewitched Characters
Quiz Lab
Trending Quizzes
Pick 6: Mountains
Pick 6: Harry Potter
Pick 6: Flags
Pick 6: NFL Teams
Pick 6: Movie Franchises
Recently Updated
NWSL Teams
pecheneg
Women's Final Four Teams by Year
bhenderson79
Presidents Quartet II
eogle
Anything But Clue(do)
eogle
Anything But Oceanian Capitals
eogle
Anything But 7
eogle
Anything But Thing
eogle
Word Ladder: February 29
pecheneg
Song Title Questions
pecheneg
Women's NCAA Tournament #1 Seeds
pecheneg
Trending Topics
Marvel
NBA
Anime
Crossword
Harry Potter
Kpop
Disney
Country
Pokémon
Puzzle
NFL
WWE
Song
Soccer
The Office
Your Account Isn't Verified!
In order to create a playlist on Sporcle, you need to verify the email address you used during registration. Go to your
Sporcle Settings
to finish the process.
Report this User
Report this user for behavior that violates our
Community Guidelines
.
Details:
Send Report
Go to the Sporcle.com Mobile Site →
Comments